<?xml version="1.0" encoding="UTF-8"?>
<record
    xmlns:xsi="http://www.w3.org/2001/XMLSchema-instance"
    xsi:schemaLocation="http://www.loc.gov/MARC21/slim http://www.loc.gov/standards/marcxml/schema/MARC21slim.xsd"
    xmlns="http://www.loc.gov/MARC21/slim">

  <leader>01504    a2200229   4500</leader>
  <controlfield tag="005">20080922143224.0</controlfield>
  <controlfield tag="008">080922t        xxu||||| |||| 00| 0 hin d</controlfield>
  <datafield tag="010" ind1=" " ind2=" ">
    <subfield code="a">HIN-81221</subfield>
  </datafield>
  <datafield tag="020" ind1=" " ind2=" ">
    <subfield code="a">9788178794068</subfield>
    <subfield code="c">595.00</subfield>
  </datafield>
  <datafield tag="035" ind1=" " ind2=" ">
    <subfield code="a">HN-53567</subfield>
  </datafield>
  <datafield tag="037" ind1=" " ind2=" ">
    <subfield code="b">D.B.Act / Pub</subfield>
  </datafield>
  <datafield tag="082" ind1=" " ind2=" ">
    <subfield code="a">617.1027</subfield>
  </datafield>
  <datafield tag="100" ind1=" " ind2=" ">
    <subfield code="a">&#x90F;&#x928;&#x94D;&#x921;&#x930;&#x938;&#x928;,&#x91F;&#x940;.&#x92E;&#x947;&#x915;&#x94D;&#x915;&#x932;&#x930;&#x94D;&#x917;</subfield>
  </datafield>
  <datafield tag="245" ind1=" " ind2=" ">
    <subfield code="a">&#x916;&#x947;&#x932;-&#x915;&#x942;&#x926; &#x92E;&#x947;&#x902; &#x92F;&#x93E;&#x902;&#x924;&#x94D;&#x930;&#x93F;&#x915;&#x940; &#x935;&#x93F;&#x91C;&#x94D;&#x91E;&#x93E;&#x928;</subfield>
    <subfield code="c">&#x91F;&#x940;.&#x92E;&#x947;&#x915;&#x94D;&#x915;&#x932;&#x930;&#x94D;&#x917; &#x90F;&#x928;&#x94D;&#x921;&#x930;&#x938;&#x928;; &#x924;&#x93E;&#x930;&#x915; &#x928;&#x93E;&#x925; &#x92A;&#x94D;&#x930;&#x92E;&#x93E;&#x923;&#x93F;&#x915; &#x926;&#x94D;&#x935;&#x93E;&#x930;&#x93E; &#x905;&#x928;&#x941;&#x926;&#x93F;&#x924;</subfield>
  </datafield>
  <datafield tag="246" ind1=" " ind2=" ">
    <subfield code="a">Khel-kud mein yantriki vigyan</subfield>
    <subfield code="b">by  T. Meclerg Anderson ; translated by Tarak Nath Pramanik</subfield>
  </datafield>
  <datafield tag="260" ind1=" " ind2=" ">
    <subfield code="a">&#x928;&#x908;  &#x926;&#x93F;&#x932;&#x94D;&#x932;&#x940;</subfield>
    <subfield code="b">&#x938;&#x94D;&#x92A;&#x94B;&#x930;&#x94D;&#x91F;&#x938; &#x92A;&#x92C;&#x94D;&#x932;&#x93F;&#x915;&#x947;&#x936;&#x928;&#x94D;&#x938;</subfield>
    <subfield code="c">2007</subfield>
  </datafield>
  <datafield tag="270" ind1=" " ind2=" ">
    <subfield code="a">23/23-&#x92C;&#x940;,&#x908; &#x90F;&#x92E; &#x938;&#x940; &#x90F; &#x939;&#x93E;&#x909;&#x938;,&#x905;&#x902;&#x938;&#x93E;&#x930;&#x940; &#x930;&#x94B;&#x921;,&#x926;&#x930;&#x93F;&#x92F;&#x93E;&#x917;&#x902;&#x91C;</subfield>
    <subfield code="b">&#x928;&#x908;  &#x926;&#x93F;&#x932;&#x94D;&#x932;&#x940;</subfield>
    <subfield code="e">110002</subfield>
    <subfield code="k">(&#x911;)65749511,66326118 (&#x928;&#x93F;)27562163(&#x92E;&#x94B;.)9868028838</subfield>
    <subfield code="l">011-23240261</subfield>
    <subfield code="m">lakshaythani@hotmail.com</subfield>
  </datafield>
  <datafield tag="300" ind1=" " ind2=" ">
    <subfield code="a">318&#x92A;&#x943;</subfield>
    <subfield code="b">(&#x938;&#x91A;&#x93F;&#x924;&#x94D;&#x930;)</subfield>
    <subfield code="c">22&#x938;&#x947;&#x92E;&#x940;(&#x938;&#x91C;&#x93F;&#x932;&#x94D;&#x926;)</subfield>
  </datafield>
  <datafield tag="700" ind1=" " ind2=" ">
    <subfield code="a">&#x924;&#x93E;&#x930;&#x915; &#x928;&#x93E;&#x925; &#x92A;&#x94D;&#x930;&#x92E;&#x93E;&#x923;&#x93F;&#x915;</subfield>
  </datafield>
  <datafield tag="942" ind1=" " ind2=" ">
    <subfield code="a">dpl</subfield>
    <subfield code="c">HN</subfield>
    <subfield code="k">617.1027 / &#x90F;&#x928;&#x94D;&#x921;&#x930;</subfield>
    <subfield code="2">ddc</subfield>
    <subfield code="h">617.1027</subfield>
    <subfield code="m">&#x90F;&#x928;&#x94D;&#x921;&#x930;</subfield>
  </datafield>
  <datafield tag="999" ind1=" " ind2=" ">
    <subfield code="c">8098</subfield>
    <subfield code="d">8098</subfield>
  </datafield>
  <datafield tag="952" ind1=" " ind2=" ">
    <subfield code="0">0</subfield>
    <subfield code="1">0</subfield>
    <subfield code="2">ddc</subfield>
    <subfield code="4">0</subfield>
    <subfield code="7">0</subfield>
    <subfield code="a">DBAD</subfield>
    <subfield code="b">DBAD</subfield>
    <subfield code="d">2008-09-22</subfield>
    <subfield code="g">595.00</subfield>
    <subfield code="l">0</subfield>
    <subfield code="o">617.1027 &#x90F;&#x928;&#x94D;&#x921;&#x930;</subfield>
    <subfield code="p">HN-53567</subfield>
    <subfield code="r">2008-09-15 00:00:00</subfield>
    <subfield code="t">1</subfield>
    <subfield code="u">9002</subfield>
    <subfield code="v">595.00</subfield>
    <subfield code="w">2008-09-15</subfield>
    <subfield code="y">HN</subfield>
  </datafield>
</record>
